| 000 | 00517nam a2200205Ia 4500 | ||
|---|---|---|---|
| 005 | 20240823060607.0 | ||
| 008 | 240823s9999||||xx |||||||||||||| ||und|| | ||
| 020 | _a0-19-948551-8 | ||
| 041 | _aENGLISH | ||
| 082 | _A621.3 Q8 | ||
| 100 | _aSukhija M S | ||
| 245 | 0 | _aBasic Electrical and Electronics Engineering | |
| 250 | _a1st | ||
| 260 |
_c2018 _bOxford University |
||
| 500 | _aTRANSFERED | ||
| 650 |
_aElectrical & Electronics _bElectrical |
||
| 700 | _aNagsarkar T K | ||
| 942 | _cBK | ||
| 999 |
_c231505 _d231505 |
||